| Tag |
First Indicator |
Second Indicator |
Subfields |
| LEADER |
00000cam a2200000 4500 |
| 001 |
in00000019039 |
| 005 |
20210501063043.0 |
| 008 |
691103s1969 gw a b 00110 eng |
| 010 |
|
|
|a 70422553
|
| 015 |
|
|
|a GDB***
|
| 035 |
|
|
|a (OCoLC)00025456
|
| 035 |
|
|
|9 AAB4123AM
|
| 040 |
|
|
|a DLC
|c DLC
|d m.c.
|d m/c
|d TXA
|d UtOrBLW
|
| 049 |
|
|
|a TXAM
|c [A10040960]
|
| 050 |
0 |
0 |
|a PQ1543
|b .C8
|
| 082 |
0 |
|
|a 809.9/33
|
| 100 |
1 |
|
|a Curtis, Renée L.
|
| 245 |
1 |
0 |
|a Tristan studies /
|c [By] Renée L. Curtis.
|
| 264 |
|
1 |
|a München :
|b W. Fink,
|c 1969.
|
| 300 |
|
|
|a 92 pages :
|b illustrations ;
|c 23 cm.
|
| 336 |
|
|
|a text
|b txt
|2 rdacontent
|
| 337 |
|
|
|a unmediated
|b n
|2 rdamedia
|
| 338 |
|
|
|a volume
|b nc
|2 rdacarrier
|
| 504 |
|
|
|a Includes bibliographical references and index.
|
| 536 |
|
|
|a From the library of Harrison T. Meserole, 2002.
|
| 650 |
|
0 |
|a Tristan
|c (Legendary character)
|
| 999 |
|
|
|a MARS
|
| 999 |
f |
f |
|s 01da1b67-6c29-3b79-aac5-9ddc3b9b67b9
|i df69878e-d8f0-3df1-b004-3377b5383eae
|t 0
|
| 952 |
f |
f |
|p ric
|a Texas A&M University
|b Rellis Campus
|c Joint Library Facility
|s JLF
|d Remote Storage
|t 0
|e PQ1543 .C8
|h Library of Congress classification
|i unmediated -- volume
|m A14830023598
|
| 998 |
f |
f |
|a PQ1543 .C8
|t 0
|l Remote Storage
|